Estudi d'un rellotge de sol / Enric Abella i Mestanza ... [et al.]
Publicado:
Barcelona :
Generalitat de Catalunya, Comissió Interdepartamental de Recerca i Innovació Tecnològica ,
1985
Descripción Física:
87 p. : il. ; 21 cm
Colección:
Premis CIRIT a la joventut
Otros Autores:
Abella i Mestanza, Enric
Materias:
Rellotges de sol
MARC
| LEADER | 00000nam a2200000Ia 4500 | ||
|---|---|---|---|
| 001 | 1496 | ||
| 008 | 160829s1985 xx 000 0 cat d | ||
| 080 | |a C-1-342 | ||
| 245 | |a Estudi d'un rellotge de sol / Enric Abella i Mestanza ... [et al.] | ||
| 260 | |a Barcelona : |b Generalitat de Catalunya, Comissió Interdepartamental de Recerca i Innovació Tecnològica, |c 1985 | ||
| 300 | |a 87 p. : |b il. ; |c 21 cm | ||
| 490 | |a Premis CIRIT a la joventut | ||
| 650 | |a Rellotges de sol |9 20633 | ||
| 700 | |a Abella i Mestanza, Enric |9 20634 | ||
| 710 | 1 | |a Catalunya. |b Comissió Interdepartamental de Recerca i Innovació Tecnològica |9 54974 | |
| 901 | |a Arxiu | ||
| 942 | |n 1 | ||
| 952 | |0 0 |1 0 |4 0 |6 C1342 |7 1 |9 41616 |a Arxiu |b Arxiu |d 2016-12-01 |l 0 |o C-1-342 |p 1496 |r 2016-12-01 00:00:00 |w 2016-12-01 |y ARXIU | ||
| 999 | |c 43506 |d 43506 | ||